[Event "Asian Junior Chess Championship 2011"]
[Site "?"]
[Date "2011.??.??"]
[Round "1.1"]
[White "Omarnoaman"]
[Black "Shyam, Sundar M"]
[Result "0-1"]
[WhiteElo "2253"]
[BlackElo "2457"]
[PlyCount "66"]
[EventDate "2011.06.02"]

1. d4 Nf6 2. c4 g6 3. Nc3 Bg7 4. e4 d6 5. f3 O-O 6. Be3 c5 7. Nge2 Nc6 8. d5
Ne5 9. Ng3 h5 10. Be2 h4 11. Nf1 e6 12. Nd2 exd5 13. cxd5 a6 14. a4 h3 15. g3
Rb8 16. O-O Bd7 17. a5 b5 18. axb6 Rxb6 19. Qc2 Bc8 20. Ncb1 Ne8 21. Na3 Rxb2
22. Qd1 f5 23. f4 Ng4 24. Bxg4 fxg4 25. Nac4 Rb4 26. Rb1 Rb5 27. Qa4 Nc7 28.
Na3 Rxb1 29. Rxb1 Qe8 30. Qc4 Bd7 31. Rb7 Kh8 32. e5 Bc8 33. Rb8 dxe5 0-1

[Event "Asian Junior Chess Championship 2011"]
[Site "?"]
[Date "2011.??.??"]
[Round "1.2"]
[White "Anwesh, Upadhyaya"]
[Black "Saeed, Ishaq"]
[Result "1-0"]
[WhiteElo "2432"]
[BlackElo "2224"]
[PlyCount "64"]
[EventDate "2011.06.02"]

1. Nf3 d5 2. g3 Nf6 3. Bg2 c6 4. O-O Bf5 5. d3 h6 6. Nbd2 e6 7. b3 Bc5 8. Bb2
Nbd7 9. Qe1 O-O 10. e4 Bh7 11. Qe2 a5 12. a3 b5 13. h3 Qb8 14. Kh1 dxe4 15.
dxe4 e5 16. Nh4 Re8 17. Rac1 Qd8 18. Nf5 Bf8 19. Rcd1 Qc7 20. Rfe1 Nc5 21. Qf3
Nfd7 22. Nf1 Rad8 23. Nh2 g6 24. Ne3 Ne6 25. Neg4 Bg7 26. Rxd7 Rxd7 27. Nf6+
Kf8 28. Bxe5 Ng5 29. Bxc7 Nxf3 30. Nxd7+ Ke7 31. Bxf3 Kxd7 32. Bxa5 f5 1-0

[Event "Asian Junior Chess Championship 2011"]
[Site "?"]
[Date "2011.??.??"]
[Round "1.3"]
[White "Rajapakse, R M C M."]
[Black "Shyam, Nikil P"]
[Result "0-1"]
[WhiteElo "2175"]
[BlackElo "2412"]
[PlyCount "100"]
[EventDate "2011.06.02"]

1. Nf3 c5 2. c4 g6 3. g3 Bg7 4. Bg2 Nc6 5. O-O Nf6 6. Nc3 O-O 7. d4 cxd4 8.
Nxd4 Ng4 9. e3 Nh6 10. b3 Nxd4 11. exd4 Nf5 12. Ne2 d6 13. Bb2 Rb8 14. Qc2 e6
15. Rfd1 Qc7 16. Rac1 b6 17. Nc3 a6 18. Ne2 Bb7 19. d5 Bxb2 20. Qxb2 e5 21. Bh3
Bc8 22. Bxf5 Bxf5 23. Re1 Rfe8 24. Nc3 Qd7 25. a4 Kg7 26. Qd2 f6 27. h4 h6 28.
f3 g5 29. hxg5 hxg5 30. g4 Bg6 31. Qg2 Rh8 32. Kf2 Qc7 33. Kg3 Qc5 34. Ne4 Qb4
35. Re3 Rh4 36. Rh1 Bxe4 37. fxe4 Qc5 38. Re2 Rxh1 39. Qxh1 Qd4 40. Qf3 Qg1+
41. Rg2 Qc1 42. Rh2 b5 43. axb5 axb5 44. Qf5 Qg1+ 45. Rg2 Qe3+ 46. Qf3 Qf4+ 47.
Qxf4 gxf4+ 48. Kf3 bxc4 49. bxc4 Rb3+ 50. Kf2 Rc3 0-1

[Event "Asian Junior Chess Championship 2011"]
[Site "?"]
[Date "2011.??.??"]
[Round "1.4"]
[White "Nitin, S."]
[Black "Subramaniam, Sumant"]
[Result "1-0"]
[WhiteElo "2365"]
[BlackElo "2088"]
[PlyCount "80"]
[EventDate "2011.06.02"]

1. e4 c5 2. Nf3 d6 3. c3 Nf6 4. Bd3 Nc6 5. Bc2 Bg4 6. d3 e6 7. O-O Be7 8. Nbd2
O-O 9. h3 Bh5 10. Qe1 Qc7 11. g4 Bg6 12. Nh4 d5 13. f4 Rae8 14. Ndf3 c4 15. e5
cxd3 16. exf6 Bc5+ 17. Be3 Bxe3+ 18. Qxe3 dxc2 19. fxg7 Kxg7 20. Rac1 Qb6 21.
Qxb6 axb6 22. f5 exf5 23. gxf5 Bh5 24. Rxc2 Kf6 25. Rd2 Rg8+ 26. Kf2 Ne7 27.
Rd4 Rg7 28. Rb4 Bxf3 29. Rxb6+ Nc6 30. Nxf3 Reg8 31. Nd4 Rg2+ 32. Ke3 Re8+ 33.
Kf3 Reg8 34. Kf4 Rc8 35. a4 Rc7 36. a5 Ke7 37. f6+ Kd7 38. Nb5 Rg6 39. Kf5 Nxa5
40. Rd6+ Kc8 1-0

[Event "Asian Junior Chess Championship 2011"]
[Site "?"]
[Date "2011.??.??"]
[Round "1.5"]
[White "Perera, W C C."]
[Black "Narayanan, Srinath"]
[Result "1/2-1/2"]
[WhiteElo "2078"]
[BlackElo "2337"]
[PlyCount "63"]
[EventDate "2011.06.02"]

1. Nf3 c5 2. g3 Nc6 3. Bg2 g6 4. O-O Bg7 5. d3 d5 6. Nc3 d4 7. Na4 Qd6 8. c4 e5
9. Bd2 Nf6 10. a3 Nd7 11. b4 a5 12. bxc5 Nxc5 13. Nb6 Rb8 14. Rb1 Bf5 15. Nh4
Be6 16. f4 f5 17. fxe5 Nxe5 18. Bf4 O-O 19. Qd2 a4 20. Qb4 Bf6 21. Nxa4 b6 22.
Nf3 Nxf3+ 23. Bxf3 Be5 24. Bxe5 Qxe5 25. Nxc5 bxc5 26. Qd2 Rxb1 27. Rxb1 f4 28.
Kg2 fxg3 29. hxg3 g5 30. Rb6 g4 31. Be4 Qh5 32. Kg1 1/2-1/2

[Event "Asian Junior Chess Championship 2011"]
[Site "?"]
[Date "2011.??.??"]
[Round "1.6"]
[White "Krishna, C R G."]
[Black "Premachandra, G T D."]
[Result "1-0"]
[WhiteElo "2322"]
[BlackElo "1940"]
[PlyCount "65"]
[EventDate "2011.06.02"]

1. d4 f5 2. Nc3 e6 3. e4 fxe4 4. Nxe4 Nf6 5. Bg5 Be7 6. Bxf6 Bxf6 7. Nf3 b6 8.
Bd3 Nc6 9. c3 Bb7 10. O-O O-O 11. Re1 Ne7 12. Qc2 Nd5 13. Nxf6+ Nxf6 14. Ng5
Ng4 15. Bxh7+ Kh8 16. Bg8 Rf5 17. Nf7+ Kxg8 18. Nxd8 Rxd8 19. f3 Nh6 20. Re5
Rf6 21. Rae1 Rdf8 22. Qa4 Rg6 23. Qxd7 Bxf3 24. g3 Rf7 25. Qe8+ Kh7 26. Rxe6
Bg4 27. Rxg6 Kxg6 28. Rf1 Nf5 29. Rf4 Bh3 30. g4 Nd6 31. Qe6+ Rf6 32. Rxf6+
gxf6 33. Qg8+ 1-0

[Event "Asian Junior Chess Championship 2011"]
[Site "?"]
[Date "2011.??.??"]
[Round "2.1"]
[White "Shyam, Sundar M"]
[Black "Nitin, S."]
[Result "1/2-1/2"]
[WhiteElo "2457"]
[BlackElo "2365"]
[PlyCount "50"]
[EventDate "2011.06.02"]

1. d4 c5 2. d5 d6 3. c4 e5 4. e4 g6 5. g3 Bg7 6. Bg2 Nd7 7. Nc3 a6 8. a4 Ne7 9.
Nge2 f5 10. O-O O-O 11. f4 Kh8 12. Kh1 Rb8 13. Rb1 b6 14. b4 cxb4 15. Rxb4 Qc7
16. Ba3 Nc5 17. a5 b5 18. Rb1 Bd7 19. cxb5 axb5 20. fxe5 Bxe5 21. Nd4 Qxa5 22.
Bb4 Qb6 23. Nf3 Bg7 24. e5 dxe5 25. Re1 e4 {Poor recordings} 1/2-1/2

[Event "Asian Junior Chess Championship 2011"]
[Site "?"]
[Date "2011.??.??"]
[Round "2.2"]
[White "Shyam, Nikil P"]
[Black "Anwesh, Upadhyaya"]
[Result "1/2-1/2"]
[WhiteElo "2412"]
[BlackElo "2432"]
[PlyCount "42"]
[EventDate "2011.06.02"]

1. e4 e5 2. Nf3 Nc6 3. Bb5 a6 4. Bxc6 dxc6 5. d4 exd4 6. Qxd4 Qxd4 7. Nxd4 Bd7
8. Nc3 O-O-O 9. Bg5 Re8 10. O-O-O Bb4 11. f3 Bxc3 12. bxc3 h6 13. Bh4 c5 14.
Nf5 Bxf5 15. exf5 f6 16. Rhe1 Rxe1 17. Rxe1 Kd7 18. Rd1+ Kc8 19. Re1 Kd7 20.
Rd1+ Kc8 21. Re1 Kd7 1/2-1/2

[Event "Asian Junior Chess Championship 2011"]
[Site "?"]
[Date "2011.??.??"]
[Round "2.3"]
[White "Narayanan, Srinath"]
[Black "Krishna, C R G."]
[Result "1-0"]
[WhiteElo "2337"]
[BlackElo "2322"]
[PlyCount "97"]
[EventDate "2011.06.02"]

1. e4 e6 2. d4 d5 3. Nd2 Nf6 4. e5 Nfd7 5. Bd3 c5 6. c3 Nc6 7. Ngf3 Qb6 8. O-O
Be7 9. dxc5 Nxc5 10. Bc2 a5 11. Re1 Bd7 12. a4 Rc8 13. Nf1 Na6 14. Ng3 g6 15.
Rb1 Qc7 16. Bf4 h6 17. h4 Bf8 18. Qd2 Bg7 19. Nf1 Ne7 20. h5 g5 21. Bg3 Nc5 22.
Nd4 Nxa4 23. Nh2 Nb6 24. Ng4 Nc4 25. Qe2 Nc6 26. Nf5 exf5 27. Nf6+ Kf8 28. e6
Bxf6 29. Bxc7 fxe6 30. b3 Rxc7 31. bxc4 d4 32. Qd2 Kf7 33. cxd4 Nxd4 34. Qxa5
Rhc8 35. Ba4 f4 36. f3 Nf5 37. Bxd7 Bd4+ 38. Kh2 Rxd7 39. Qa4 Rdc7 40. Red1 b6
41. Rxd4 Nxd4 42. Rxb6 Rxc4 43. Qd7+ Kf6 44. Qh7 R4c6 45. Qxh6+ Ke5 46. Qxg5+
Nf5 47. Rxc6 Rxc6 48. h6 Rc7 49. Qg6 1-0

[Event "Asian Junior Chess Championship 2011"]
[Site "?"]
[Date "2011.??.??"]
[Round "2.4"]
[White "Seneviratne, Shehan Kanishka"]
[Black "Perera, W C C."]
[Result "0-1"]
[WhiteElo "1664"]
[BlackElo "2078"]
[PlyCount "53"]
[EventDate "2011.06.02"]

1. d4 g6 2. c4 Bg7 3. Nc3 d6 4. e4 Nf6 5. Nf3 O-O 6. Be2 Nbd7 7. O-O e5 8. d5
a5 9. Ne1 Nc5 10. f3 Nh5 11. Nd3 Nxd3 12. Bxd3 Nf4 13. Be3 b6 14. Bc2 f5 15. a3
Qg5 16. Qd2 Nh3+ 17. Kh1 f4 18. Bf2 Nxf2+ 19. Qxf2 Bf6 20. b4 Qh5 21. Ne2 Bh4
22. Qg1 Bg3 23. Nxg3 fxg3 24. f4 exf4 25. Rae1 Bg4 26. Bd1 Bxd1 27. Rxd1 0-1

[Event "Asian Junior Chess Championship 2011"]
[Site "?"]
[Date "2011.??.??"]
[Round "2.5"]
[White "Saeed, Ishaq"]
[Black "Kuruwitage, Yasas Kalana"]
[Result "1-0"]
[WhiteElo "2224"]
[BlackElo "1923"]
[PlyCount "89"]
[EventDate "2011.06.02"]

1. d4 d6 2. c4 e5 3. Nf3 e4 4. Ng5 f5 5. g3 Be7 6. h4 Nf6 7. Nc3 c6 8. e3 O-O
9. Bd2 c5 10. dxc5 dxc5 11. Qb3 Nc6 12. Nd5 Ng4 13. Nh3 Rb8 14. Be2 Nce5 15.
O-O-O Kh8 16. Bc3 Bd7 17. h5 Qe8 18. Qc2 Kg8 19. h6 g6 20. Bxg4 Nxg4 21. Nxe7+
Qxe7 22. Nf4 Be6 23. Nxg6 Qf7 24. Nxf8 Qxf8 25. Rh5 Qe7 26. Qd2 Rf8 27. Qd6 Kf7
28. Qf4 Rg8 29. Bg7 Kg6 30. Rh4 Rd8 31. Rxd8 Qxd8 32. Bc3 Qd3 33. Rxg4+ fxg4
34. Qf6+ Kh5 35. Qxe6 Qf1+ 36. Kc2 Qxf2+ 37. Bd2 b6 38. Qxe4 Qxg3 39. Qf5+ Kxh6
40. e4+ Kg7 41. e5 Qg2 42. e6 Qb7 43. Bc3+ Kh6 44. Qxg4 b5 45. Bd2# 1-0

[Event "Asian Junior Chess Championship 2011"]
[Site "?"]
[Date "2011.??.??"]
[Round "2.6"]
[White "Subramaniam, Sumant"]
[Black "Omarnoaman"]
[Result "0-1"]
[WhiteElo "2088"]
[BlackElo "2253"]
[PlyCount "92"]
[EventDate "2011.06.02"]

1. d4 Nf6 2. Nf3 d5 3. g3 c5 4. Bg2 Nc6 5. O-O e6 6. b3 cxd4 7. Nxd4 Bc5 8. Bb2
O-O 9. e3 Qe7 10. c4 dxc4 11. Nxc6 bxc6 12. bxc4 Rb8 13. Be5 Rb6 14. Nc3 Nd7
15. Bc7 Rb7 16. Ba5 Bb4 17. Qa4 Qc5 18. Bxb4 Rxb4 19. Qxc6 Qxc6 20. Bxc6 Rxc4
21. Bxd7 Bxd7 22. Rfc1 Rfc8 23. Ne2 Kf8 24. Rxc4 Rxc4 25. Rc1 Rxc1+ 26. Nxc1
Bb5 27. Kg2 Ke7 28. Kf3 Kd6 29. Ke4 Kc5 30. Nd3+ Bxd3+ 31. Kxd3 Kb4 32. Kc2 Ka4
33. Kb1 g5 34. g4 h6 35. e4 Kb4 36. Kc2 Kc4 37. Kd2 Kd4 38. f3 e5 39. h3 f6 40.
a3 a6 41. a4 a5 42. Ke2 Kc4 43. Kd2 Kd4 44. Ke2 Kc3 45. Ke3 Kb4 46. Kd3 Kb3 0-1

[Event "Asian Junior Chess Championship 2011"]
[Site "?"]
[Date "2011.??.??"]
[Round "2.7"]
[White "Premachandra, G T D."]
[Black "Rajapakse, R M C M."]
[Result "1/2-1/2"]
[WhiteElo "1940"]
[BlackElo "2175"]
[PlyCount "59"]
[EventDate "2011.06.02"]

1. e4 c5 2. Nf3 d6 3. d4 cxd4 4. Nxd4 Nf6 5. Nc3 a6 6. Be3 e5 7. Nb3 Be6 8. Be2
Be7 9. O-O O-O 10. f4 exf4 11. Bxf4 Nc6 12. Kh1 Re8 13. Rb1 Rc8 14. Nd4 Nxd4
15. Qxd4 Ng4 16. Qd1 Ne5 17. Qd2 Bf6 18. Nd5 Bxd5 19. exd5 Qc7 20. Bxe5 Rxe5
21. c4 Rce8 22. Bd3 Qe7 23. b3 Bg5 24. Qc2 g6 25. Rf3 Be3 26. Rbf1 f5 27. g3
Bd4 28. Kg2 Qg5 29. Kh1 Qf6 30. Kg2 1/2-1/2

[Event "Asian Junior 2011"]
[Site "?"]
[Date "2011.06.04"]
[Round "3"]
[White "W.C.C.Perera"]
[Black "Sundar M.Shayam"]
[Result "0-1"]
[WhiteElo "2078"]
[BlackElo "2457"]
[PlyCount "88"]
[EventDate "2011.??.??"]

1. Nf3 Nf6 2. g3 g6 3. Bg2 Bg7 4. O-O O-O 5. c4 d5 6. cxd5 Nxd5 7. Nc3 Nb6 8.
d3 Nc6 9. Bd2 h6 10. Rb1 a5 11. b3 e5 12. Na4 Nd5 13. Qc1 Kh7 14. Nc5 f5 15. a3
Nd4 16. Re1 c6 17. Nxd4 exd4 18. Na4 Re8 19. e4 dxe3 20. fxe3 Nf6 21. Qc2 h5
22. e4 Ng4 23. h3 Qd4+ 24. Kh1 Nf2+ 25. Kh2 Nxd3 26. Re2 h4 27. Be3 Qd6 28. e5
hxg3+ 29. Kg1 Qxe5 30. Nb6 f4 31. Nxc8 Raxc8 32. Qxd3 fxe3 33. Rd1 Re7 34. Qc4
Qh5 35. Rf1 Rf8 36. Rxf8 Bxf8 37. Qg4 Qxg4 38. hxg4 Kh6 39. Bf3 Kg5 40. Kg2 Kf4
41. Rc2 Rd7 42. Rc4+ Kg5 43. Kxg3 Rd2 44. Bg2 Bd6+ 0-1

[Event "Asian Junior 2011"]
[Site "?"]
[Date "2011.06.04"]
[Round "3"]
[White "Upadhya anwesh"]
[Black "Srinath Narayan"]
[Result "1/2-1/2"]
[WhiteElo "2432"]
[BlackElo "2337"]
[PlyCount "107"]
[EventDate "2011.??.??"]

1. c4 c5 2. g3 Nc6 3. Bg2 g6 4. Nc3 Bg7 5. Nf3 d6 6. O-O e5 7. a3 a5 8. Ne1 Be6
9. d3 Nge7 10. Nc2 d5 11. cxd5 Nxd5 12. Ne3 Nde7 13. Nc4 O-O 14. Bg5 f6 15. Be3
b6 16. Qa4 Qc7 17. f4 Rab8 18. fxe5 Nxe5 19. Bf4 Qd8 20. Bxe5 fxe5 21. Rxf8+
Kxf8 22. Qb5 Nf5 23. Rf1 Kg8 24. Qc6 Bxc4 25. dxc4 Qd4+ 26. Kh1 Kh8 27. Qc7 Qd6
28. Qa7 Rf8 29. Nd5 e4 30. Qxb6 Qxb6 31. Nxb6 Rb8 32. Na4 Ne3 33. Rc1 Bxb2 34.
Rb1 Nxc4 35. Bxe4 Nd2 36. Rxb2 Rxb2 37. Nxb2 Nxe4 38. Nc4 Nc3 39. Nxa5 Nxe2 40.
Nc4 Nc3 41. Nb6 Kg7 42. Kg2 Kf7 43. a4 Ke6 44. a5 Kd6 45. a6 Nb5 46. Kf3 Kc6
47. Na4 Na7 48. Nxc5 Kxc5 49. Kf4 Kb6 50. Kg5 Nc6 51. Kh6 Ne5 52. Kxh7 Kxa6 53.
h4 Kb6 54. g4 1/2-1/2

[Event "Asian Junior 2011"]
[Site "?"]
[Date "2011.06.04"]
[Round "3"]
[White "S. Srinath"]
[Black "Nikil P. Shyam"]
[Result "1-0"]
[WhiteElo "2365"]
[BlackElo "2412"]
[PlyCount "55"]
[EventDate "2011.??.??"]

1. e4 c5 2. Nf3 d6 3. d4 cxd4 4. Nxd4 Nf6 5. Nc3 a6 6. Bc4 e6 7. Bb3 Nbd7 8.
Bg5 Qa5 9. Qd2 Nc5 10. f3 Bd7 11. g4 Be7 12. Be3 h6 13. O-O-O b5 14. Kb1 Nxb3
15. Nxb3 Qc7 16. h4 Bc6 17. g5 hxg5 18. hxg5 Rxh1 19. Rxh1 Nd7 20. Rh7 Bf8 21.
Bd4 Ne5 22. Qf2 b4 23. Ne2 Rc8 24. Ng3 g6 25. f4 Ng4 26. Qd2 e5 27. f5 Be7 28.
Bg1 1-0

[Event "Asian Junior 2011"]
[Site "?"]
[Date "2011.06.04"]
[Round "3"]
[White "C.R.G.Krishna"]
[Black "Ishaq saeed"]
[Result "1-0"]
[WhiteElo "2322"]
[BlackElo "2224"]
[PlyCount "71"]
[EventDate "2011.??.??"]

1. Nf3 d5 2. g3 Nf6 3. Bg2 c6 4. O-O Bg4 5. d4 e6 6. Ne5 Bh5 7. c4 Nbd7 8. Nc3
Nxe5 9. dxe5 Nd7 10. cxd5 exd5 11. Be3 Nxe5 12. Qb3 Bd6 13. Qxb7 O-O 14. Qa6
Rc8 15. b3 f5 16. Rac1 Rc7 17. Na4 g5 18. Bd4 f4 19. Bxe5 Bxe5 20. Rxc6 fxg3
21. hxg3 Rcf7 22. Qd3 d4 23. Nc5 Re8 24. Ne6 Qe7 25. Bd5 Kh8 26. Qb5 Rf6 27.
Bc4 Bd6 28. Nxd4 Bxg3 29. Nf5 Rxf5 30. Qxf5 Bg6 31. Rxg6 hxg6 32. Qxg6 Be5 33.
Bf7 Bh2+ 34. Kxh2 Qe5+ 35. Kg1 Qg7 36. Qxg7+ 1-0

[Event "Asian Junior 2011"]
[Site "?"]
[Date "2011.06.04"]
[Round "3"]
[White "Yasas Kalana"]
[Black "G.T.D .Premacandra"]
[Result "1/2-1/2"]
[WhiteElo "1923"]
[BlackElo "1940"]
[PlyCount "64"]
[EventDate "2011.??.??"]

1. e4 c5 2. Nf3 Nc6 3. d4 cxd4 4. Nxd4 g6 5. Nc3 Bg7 6. Be3 d6 7. Bc4 Nf6 8. f3
Bd7 9. Qd2 Rc8 10. Bb3 a6 11. O-O-O b5 12. Nxc6 Bxc6 13. Bh6 Bxh6 14. Qxh6 Qa5
15. Kb1 b4 16. Nd5 Bxd5 17. Bxd5 Rc5 18. Rhe1 Nxd5 19. exd5 Rxd5 20. Rxd5 Qxd5
21. Qh4 Qb7 22. Qf6 Rg8 23. Qxd6 g5 24. Qh6 Rg6 25. Qxh7 e6 26. Qh8+ Ke7 27.
Rd1 Qc7 28. Qd4 a5 29. h4 gxh4 30. Qxh4+ Ke8 31. Qh8+ Ke7 32. Qh4+ Ke8 1/2-1/2

[Event "Asian Junior 2011"]
[Site "?"]
[Date "2011.06.04"]
[Round "3"]
[White "R.M.C.M.Rajapakshe"]
[Black "sumanth Subramaniam"]
[Result "0-1"]
[WhiteElo "2171"]
[BlackElo "2088"]
[PlyCount "88"]
[EventDate "2011.??.??"]

1. Nf3 Nf6 2. c4 g6 3. g3 Bg7 4. Bg2 O-O 5. O-O d6 6. d4 Nc6 7. Nc3 e5 8. d5
Ne7 9. e4 Ne8 10. b4 a5 11. bxa5 Rxa5 12. a4 h6 13. Ba3 Kh7 14. Bb4 Ra6 15. c5
f5 16. Nd2 Nf6 17. Qb3 f4 18. cxd6 cxd6 19. Nb5 g5 20. Nc4 Ne8 21. Qa3 Rf6 22.
Nxe5 Rf8 23. Nc4 Bxa1 24. Rxa1 Bd7 25. Nbxd6 Rxa4 26. Qc3 Nxd6 27. Bxd6 Rxa1+
28. Qxa1 Bb5 29. Qa3 Re8 30. Bf1 Nc8 31. Bc5 Kg8 32. Qb3 Bxc4 33. Bxc4 Nd6 34.
Bd3 f3 35. Qb4 Nf7 36. d6 b6 37. Be3 Qxd6 38. Qxd6 Nxd6 39. Bxb6 Nxe4 40. h3
Nf6 41. g4 h5 42. Bf5 Nd5 43. Ba5 Nf4 44. gxh5 Re5 0-1

[Event "Asian Junior Chess Championship 2011"]
[Site "?"]
[Date "2011.??.??"]
[Round "4.1"]
[White "Shyam, Sundar M"]
[Black "Anwesh, Upadhyaya"]
[Result "1-0"]
[WhiteElo "2457"]
[BlackElo "2432"]
[PlyCount "120"]
[EventDate "2011.06.02"]

1. e4 e5 2. Nf3 Nc6 3. Bb5 a6 4. Ba4 Nf6 5. O-O Be7 6. Re1 b5 7. Bb3 d6 8. c3
O-O 9. h3 Nb8 10. d4 Nbd7 11. Nbd2 Bb7 12. Bc2 Re8 13. Nf1 Bf8 14. Bg5 h6 15.
Bh4 g6 16. dxe5 dxe5 17. N3h2 Bg7 18. Qf3 Qc8 19. Ne3 Nh7 20. Bb3 Ndf6 21. Neg4
g5 22. Bg3 h5 23. Nxe5 Re7 24. Nf1 Qe8 25. Qf5 c5 26. Nxf7 Rxf7 27. Qxc5 Kh8
28. Bxf7 Qxf7 29. f3 g4 30. hxg4 hxg4 31. Qc7 Qxc7 32. Bxc7 gxf3 33. gxf3 Ng5
34. Kg2 Ne6 35. Be5 Nh5 36. Bxg7+ Kxg7 37. Rad1 Nhf4+ 38. Kf2 Kf6 39. Nh2 Rg8
40. Ng4+ Ke7 41. Rh1 Bxe4 42. Rd7+ Kxd7 43. Nf6+ Kc6 44. Nxg8 Bd5 45. Ne7+ Kd6
46. Nxd5 Kxd5 47. Ke3 Ng2+ 48. Kd2 Ngf4 49. Rh7 Kd6 50. b3 Kc6 51. Rf7 Kd6 52.
c4 bxc4 53. bxc4 Kc5 54. Ra7 Kb6 55. Ra8 Nc7 56. Rf8 Nfe6 57. Rf5 Nd4 58. Rf7
Kc6 59. Kd3 Nde6 60. f4 Kd6 1-0

[Event "Asian Junior Chess Championship 2011"]
[Site "?"]
[Date "2011.??.??"]
[Round "4.2"]
[White "Krishna, C R G."]
[Black "Nitin, S."]
[Result "1-0"]
[WhiteElo "2322"]
[BlackElo "2365"]
[PlyCount "91"]
[EventDate "2011.06.02"]

1. Nf3 g6 2. c4 Bg7 3. d4 c5 4. Nc3 cxd4 5. Nxd4 Nc6 6. Nc2 Nf6 7. g3 O-O 8.
Bg2 a5 9. O-O d6 10. b3 h5 11. Bb2 h4 12. Nd5 hxg3 13. hxg3 Nxd5 14. Bxg7 Kxg7
15. cxd5 Ne5 16. Qd4 Kg8 17. Ne3 a4 18. b4 a3 19. Rfc1 Bd7 20. f4 Ng4 21. Nc4
Bb5 22. Bf3 Bxc4 23. Rxc4 Nf6 24. Rac1 Nd7 25. Kg2 Qb6 26. Qc3 Qb5 27. Rh1 f6
28. Rc7 Rfe8 29. Qe3 Nf8 30. f5 g5 31. Qe4 Rac8 32. Rxc8 Rxc8 33. Qg4 Rc3 34.
Qh5 Rxf3 35. Qxf3 Qxb4 36. Rc1 Nd7 37. Rc8+ Kg7 38. Qh5 Qe4+ 39. Kh2 Nf8 40.
Qf3 Qe5 41. Rc3 Kh6 42. Re3 Qb2 43. Rxe7 Qxa2 44. Qg4 Ng6 45. Qh3+ Nh4 46. gxh4
1-0

[Event "Asian Junior Chess Championship 2011"]
[Site "?"]
[Date "2011.??.??"]
[Round "4.3"]
[White "Narayanan, Srinath"]
[Black "Omarnoaman"]
[Result "1/2-1/2"]
[WhiteElo "2337"]
[BlackElo "2253"]
[PlyCount "64"]
[EventDate "2011.06.02"]

1. e4 c6 2. d4 d5 3. Nc3 dxe4 4. Nxe4 Bf5 5. Ng3 Bg6 6. h4 h6 7. Nf3 Nd7 8. h5
Bh7 9. Bd3 Bxd3 10. Qxd3 e6 11. Bd2 Ngf6 12. O-O-O Qc7 13. Ne4 Nxe4 14. Qxe4
O-O-O 15. Kb1 Bd6 16. g3 c5 17. Bc3 Nf6 18. Qe1 Nd5 19. Ba5 b6 20. c4 Nf6 21.
Bc3 cxd4 22. Bxd4 Bc5 23. Qe2 Bxd4 24. Nxd4 Qc5 25. Qf3 Kc7 26. Qc3 Ne4 27. Qe3
Nd6 28. b3 Rd7 29. g4 Rhd8 30. Rhe1 a6 31. Qf4 Kc8 32. Nc2 Nb7 1/2-1/2

[Event "Asian Junior Chess Championship 2011"]
[Site "?"]
[Date "2011.??.??"]
[Round "4.4"]
[White "Shyam, Nikil P"]
[Black "Perera, W C C."]
[Result "1-0"]
[WhiteElo "2412"]
[BlackElo "2078"]
[PlyCount "91"]
[EventDate "2011.06.02"]

1. e4 c5 2. Nf3 d6 3. d4 cxd4 4. Nxd4 Nf6 5. Nc3 a6 6. Be2 e6 7. O-O Qc7 8. f4
Be7 9. a4 Nc6 10. Be3 O-O 11. Kh1 Bd7 12. Nb3 b6 13. g4 Nb4 14. g5 Ne8 15. Rc1
d5 16. e5 g6 17. Nd4 Ng7 18. Qd2 Nc6 19. Bd3 Bb4 20. Ra1 Na5 21. Qf2 Nc4 22.
Nd1 Bc5 23. c3 Nf5 24. Nxf5 exf5 25. Bd4 Rac8 26. Rg1 Qd8 27. Rg3 Bxd4 28. cxd4
b5 29. Kg1 bxa4 30. Bxc4 Rxc4 31. Ne3 Rxd4 32. Ng4 fxg4 33. Qxd4 Qa5 34. Rc3
Be6 35. Rc5 Qd8 36. Rxa4 Qd7 37. Rb4 Rc8 38. Rxc8+ Qxc8 39. Qc3 Qd8 40. Qc5 Kg7
41. Rb6 h6 42. Qd6 Qc8 43. Qc6 Qd8 44. Rxa6 hxg5 45. Ra8 Qe7 46. Qd6 1-0

[Event "Asian Junior Chess Championship 2011"]
[Site "?"]
[Date "2011.??.??"]
[Round "4.5"]
[White "Saeed, Ishaq"]
[Black "Premachandra, G T D."]
[Result "1-0"]
[WhiteElo "2224"]
[BlackElo "1940"]
[PlyCount "97"]
[EventDate "2011.06.02"]

1. d4 f5 2. c4 e6 3. Nf3 Nf6 4. g3 Be7 5. Bg2 d5 6. O-O c6 7. Nbd2 O-O 8. Ne5
Nbd7 9. Nd3 Ne4 10. Qc2 Bf6 11. e3 Kh8 12. b3 Nxd2 13. Bxd2 dxc4 14. Qxc4 e5
15. dxe5 Nxe5 16. Nxe5 Bxe5 17. Rad1 Qf6 18. f4 Bb2 19. Bb4 Be6 20. Qc2 Rfd8
21. Rxd8+ Rxd8 22. Rb1 Bd4 23. Re1 Bb6 24. Kh1 Bd5 25. Bc3 Qe6 26. Bxd5 cxd5
27. Be5 d4 28. exd4 Qd5+ 29. Qg2 Qd7 30. Rd1 Rc8 31. d5 h6 32. d6 Rc6 33. h3
Bc5 34. Qd5 Bf2 35. Kg2 Be3 36. Qd3 Bc5 37. Kf3 Kg8 38. g4 fxg4+ 39. hxg4 h5
40. Qf5 hxg4+ 41. Kxg4 Rc7 42. Rd2 g6 43. Qxd7 Rxd7 44. Rh2 Bxd6 45. Rh8+ Kf7
46. Rh7+ Ke6 47. Rxd7 Kxd7 48. Bxd6 Kxd6 49. Kg5 1-0

[Event "Asian Junior Chess Championship 2011"]
[Site "?"]
[Date "2011.??.??"]
[Round "4.6"]
[White "Subramaniam, Sumant"]
[Black "Kuruwitage, Yasas Kalana"]
[Result "1-0"]
[WhiteElo "2088"]
[BlackElo "1923"]
[PlyCount "95"]
[EventDate "2011.06.02"]

1. e4 d6 2. d4 Nf6 3. Nc3 g6 4. Be3 c6 5. Qd2 b5 6. f3 Nbd7 7. d5 cxd5 8. Nxd5
a6 9. Bh6 Bxh6 10. Nxf6+ Nxf6 11. Qxh6 Qa5+ 12. Qd2 Qxd2+ 13. Kxd2 O-O 14. Bd3
Be6 15. Ne2 Rfc8 16. a4 b4 17. a5 Bc4 18. Ra4 Rab8 19. Nf4 e5 20. Bxc4 Rxc4 21.
Nd3 Nd7 22. b3 Rd4 23. Ke2 Nc5 24. Raa1 Nxd3 25. cxd3 d5 26. Rhc1 Rd8 27. Ra2
dxe4 28. dxe4 Rd3 29. Rb2 Kf8 30. Rc6 R8d6 31. Rxd6 Rxd6 32. Rc2 Ke7 33. Rc4
Kd7 34. Rxb4 Kc7 35. Rc4+ Kb7 36. Rc5 f6 37. Rd5 Rc6 38. Rd7+ Kb8 39. Rxh7 Rc3
40. Rf7 Rxb3 41. Rxf6 Kb7 42. Rxg6 Rb5 43. Rb6+ Rxb6 44. axb6 Kxb6 45. Kd3 Kc5
46. Kc3 a5 47. h4 a4 48. h5 1-0

[Event "Asian Junior Chess Championship 2011"]
[Site "?"]
[Date "2011.??.??"]
[Round "4.7"]
[White "Seneviratne, Shehan Kanishka"]
[Black "Rajapakse, R M C M."]
[Result "0-1"]
[WhiteElo "1664"]
[BlackElo "2175"]
[PlyCount "63"]
[EventDate "2011.06.02"]

1. d4 Nf6 2. c4 g6 3. Nc3 Bg7 4. e4 d6 5. Nf3 O-O 6. Be2 Nbd7 7. O-O e5 8. d5
a5 9. Ne1 Nc5 10. f3 Nh5 11. Nd3 b6 12. a3 Bd7 13. Be3 f5 14. b4 Nxd3 15. Bxd3
f4 16. Bf2 g5 17. c5 axb4 18. axb4 Rxa1 19. Qxa1 bxc5 20. bxc5 g4 21. c6 gxf3
22. Bh4 Qxh4 23. cxd7 fxg2 24. Rf3 Nf6 25. Bb5 Ng4 26. h3 Ne3 27. Ne2 Qh5 28.
Kf2 Bf6 29. Ng1 Nc2 30. Qd1 Nd4 31. Bd3 Nxf3 32. Nxf3 0-1

[Event "Asian Junior Chess Championship 2011"]
[Site "?"]
[Date "2011.??.??"]
[Round "5.1"]
[White "Shyam, Sundar M"]
[Black "Krishna, C R G."]
[Result "1-0"]
[WhiteElo "2457"]
[BlackElo "2322"]
[PlyCount "160"]
[EventDate "2011.06.02"]

1. d4 e6 2. Nf3 d5 3. c4 c6 4. g3 f5 5. Bg2 Nf6 6. O-O Bd6 7. Nc3 O-O 8. Qc2
Ne4 9. Rb1 Nd7 10. b4 Ndf6 11. b5 Qe8 12. Bf4 Bxf4 13. gxf4 Nxc3 14. Qxc3 cxb5
15. cxb5 Bd7 16. Qb2 Qe7 17. Rfc1 Rfc8 18. Ne5 b6 19. e3 Ne4 20. Bf1 Kf8 21. a4
Nd6 22. Qa3 Ke8 23. f3 Nb7 24. Qb2 Na5 25. Bd3 Rxc1+ 26. Rxc1 Rc8 27. Rd1 Qh4
28. Kh1 g6 29. Qd2 Nb3 30. Qb2 Na5 31. Bf1 Rc7 32. Kg1 Rc8 33. Rc1 Rxc1 34.
Qxc1 Kd8 35. Bd3 Be8 36. Qc3 Qf6 37. Kg2 Qh4 38. Qc1 Bd7 39. e4 fxe4 40. fxe4
Qf6 41. Kg3 Qf8 42. exd5 exd5 43. Nxd7 Kxd7 44. f5 Qd6+ 45. Qf4 Qa3 46. Qf3
Qd6+ 47. Kh3 Nb3 48. fxg6 hxg6 49. Qf7+ Kd8 50. Kg2 g5 51. Bf5 g4 52. Bxg4 Na1
53. Bf5 Nb3 54. h4 Na5 55. Qg8+ Ke7 56. Qg7+ Ke8 57. Bg6+ Kd8 58. Qg8+ Kc7 59.
Bf5 Qd8 60. Qxd8+ Kxd8 61. h5 Ke7 62. h6 Kf7 63. Kf3 Nb3 64. Ke3 Na5 65. h7 Kg7
66. Kf4 Nc4 67. Bd3 Nb2 68. Bc2 Nc4 69. Bb1 Nb2 70. Bc2 Nc4 71. Bf5 Kh8 72. Be6
Nb2 73. Bxd5 Nxa4 74. Be4 Nc3 75. Bd3 Na2 76. Ke5 Nb4 77. Be4 a6 78. d5 Nxd5
79. bxa6 Nc7 80. a7 Kg7 1-0